000 00414nam a2200133Ia 4500
008 220217s9999||||xx |||||||||||||| ||und||
020 _a978-81-265-1773-2
082 _a005.14 PEZ
100 _aPezze, Mauro and Young, Michal
245 0 _aSoftware testing and analysis: process, principles and techn
260 _aWiley india
_bNew Delhi
_c2010
300 _aXXII, 488p.
_b419
650 _aSOFTWARE TESTING
999 _c179449
_d179449